[Event "New Delhi Matrix Cup 4th"]
[Site "New Delhi"]
[Date "2025.01.06"]
[Round "8"]
[White "Sinha, Keshav"]
[Black "Ramanuj, Mishra"]
[Result "0-1"]
[WhiteElo "1701"]
[BlackElo "1767"]
[PlyCount "54"]
[EventDate "2025.01.03"]
[EventType "swiss"]
[EventRounds "9"]
[EventCountry "IND"]
[SourceTitle "CB03_2025"]
[SourceDate "2025.01.15"]
[SourceVersion "1"]
[SourceVersionDate "2025.01.15"]
[SourceQuality "1"]

1. e4 c6 2. d4 d5 3. Nc3 dxe4 4. Nxe4 Nf6 5. Nxf6+ exf6 6. Bd3 Bd6 7. Nf3 0-0 8. 0-0 Re8 9. c3 Nd7 10. Qc2 Nf8 11. Be3 Qc7 12. h3 Be6 13. c4 Rad8 14. Rad1 Ng6 15. Rfe1 Qd7 16. Nh2 f5 17. c5 Bb8 18. Bc4 f4 19. Bc1 Nh4 20. Bxe6 Rxe6 21. Re4 Rg6 22. Ng4 h5 23. f3 hxg4 24. hxg4 f5 25. Re2 fxg4 26. fxg4 Qxg4 27. Rde1 Nf3+ 0-1